000 00316nam a22001337a 4500
020 _a9780890813973
082 _a813.54
_bCOL
100 _aCollins,Colette
245 _aPromise me forever
260 _aHarvest house publishers;
_bOregon,
_c1983.
300 _a190p. ;
563 _aPB
942 _2ddc
_cFIC
999 _c614578
_d614578